00415nam a2200157Ia 4500003000400000005001700004008004100021020002900062040001700091082002100108100002400129245004600153260002500199300001600224650001700240IIN20240125154410.0231217s9999 xx 000 0 und d cRs.310.00a9788123928951 aIINbEnglish a615.1 bUDA1 aUdaykumar, Padmaja 1 aPharmacology CompanioncPadmaja Udaykumar bCBSaNew Delhic2016 avii, 224 p.1 aPharmacology